000 00947nam a2200229 a 4500
001 64412
003 BD-RjUL
005 20211209081315.0
008 170214s2005 bg ||||| |||| 00| 0 ben d
020 _c: Tk. 50.00
035 _a(BD-RjUL)64542
040 _aBD-RjUL
_bben
_cBD-RjUL
_dBD-RjUL
041 _aben
082 _223
_a891.44
_bPAB 2005
100 _aপাঠান, মোহাম্মদ হানীফ
_9126422
245 1 0 _aবায়ান্নর পান্দুলিপি বাংলা বনাম উর্দূ রাষ্ট্রভাষা বিতর্ক /
_cমোহাম্মদ হানীফ পাঠান
260 _aঢাকা :
_bগ্রন্থ সুহৃদ প্রকাশনী,
_c২০০৫
300 _a৩২ পৃ. ;
_c২১ সেমি.
650 _aবাংলা সাহিত্য
_9126423
650 _aBengali literature
_9126424
942 _2ddc
_cBK
999 _c64412
_d64412